000 00598nam a2200193Ia 4500
005 20221216095519.0
008 131103s9999 xx 000 0 und d
040 _aLoreto College
041 _aEnglish
082 _a813.09
_bSCH
100 _aSchulz, Max
245 _aRadical sophistication
_b studies in contemporary Jewish - American novelists
_cMax F.Schulz
260 _aAthens
_bOhio University Press
_cc 1969
300 _axvi,224 p.
504 _aIncludes bibliographical references and index
650 _aAmerican Fiction - History and Criticism
850 _aLCLIB
942 _cBK
999 _c11814
_d62293